000 00512nmm a2200181Ia 4500
008 251105s9999||||xx |||||||||||||||||und||
020 _a9788431530860
041 _aspa
100 _aGianotti, Sara
245 0 _aDulces y pastelitos
264 _a[Madrid, España] :
_bDe Vecchi,
_c[Fecha de publicación no identificada]
300 _a0 páginas
650 _aCooking
700 _aGianotti, Sara
700 1 _a Prandoni, Anna
856 _uhttps://public.digitaliapublishing.com/a/122951
942 _cCF
999 _c66086
_d66086